MELUKIS DENGAN HATI / (Record no. 202832)

MARC details
000 -LEADER
fixed length control field 01037nam a2200289 i 4500
003 - CONTROL NUMBER IDENTIFIER
control field OSt
005 - DATE AND TIME OF LATEST TRANSACTION
control field 20260125102038.0
008 - FIXED-LENGTH DATA ELEMENTS--GENERAL INFORMATION
fixed length control field 260125s20252025my ao erb 000 0amay d
020 ## - INTERNATIONAL STANDARD BOOK NUMBER
International Standard Book Number 9789672666998
Terms of availability RM 200.00
Qualifying information hardback
040 ## - CATALOGING SOURCE
Original cataloging agency PPAK
Language of cataloging eng
Transcribing agency PPAK
Description conventions rda
082 00 - DEWEY DECIMAL CLASSIFICATION NUMBER
Edition number 23
Classification number 927.7415
090 04 - LOCALLY ASSIGNED LC-TYPE CALL NUMBER (OCLC); LOCAL CALL NUMBER (RLIN)
Classification number (OCLC) (R) ; Classification number, CALL (RLIN) (NR) 927.7415
Feature heading ZUN
Feature heading KK
100 0# - MAIN ENTRY--PERSONAL NAME
Personal name Zunar,
Relator term author,
-- illustrator.
245 10 - TITLE STATEMENT
Title MELUKIS DENGAN HATI /
Statement of responsibility, etc. OLEH ZUNAR ; Editor Tam Lye Suan
246 34 - VARYING FORM OF TITLE
Title proper/short title Melukis dengan hati :
Remainder of title sebuah biografi seni 50 tahun dalam bidang kartun
264 #1 - PRODUCTION, PUBLICATION, DISTRIBUTION, MANUFACTURE, AND COPYRIGHT NOTICE
Place of production, publication, distribution, manufacture Kuala Lumpur :
Name of producer, publisher, distributor, manufacturer University Book Store Malaysia,
Date of production, publication, distribution, manufacture, or copyright notice [2025]
Date of production, publication, distribution, manufacture, or copyright notice ©2025
300 ## - PHYSICAL DESCRIPTION
Extent 223 pages :
Other physical details colour illustrations, colour photographs ;
Dimensions 30 cm
336 ## - CONTENT TYPE
Content type term text
Source rdacontent
337 ## - MEDIA TYPE
Media type term unmediated
Source rdamedia
338 ## - CARRIER TYPE
Carrier type term volume
Source rdacarrier
650 10 - SUBJECT ADDED ENTRY--TOPICAL TERM
Topical term or geographic name entry element Caricatures and cartoons
Geographic subdivision Malaysia
Form subdivision Biography
Topical term or geographic name entry element Cartoonists
Form subdivision Biography
Geographic subdivision Malaysia
Topical term or geographic name entry element Cartoon captions
Form subdivision Biography
700 1# - ADDED ENTRY--PERSONAL NAME
Personal name Tam, Lye Suan,
Relator term editor.
942 ## - ADDED ENTRY ELEMENTS (KOHA)
Source of classification or shelving scheme Dewey Decimal Classification
Koha item type Book
Holdings
Withdrawn Not for loan Current library Shelving location Date acquired Total Checkouts Full call number Barcode Date last seen Koha item type
  Not For Loan Perpustakaan Alor Setar Koleksi Kedah 26/01/2026   KK 927.7415 ZUN A01897853 26/01/2026 Book
  Not For Loan Perpustakaan Awam Sungai Petani Koleksi Kedah 26/01/2026   KK 927.7415 ZUN A01897854 26/01/2026 Book